00425nam a2200169Ia 4500003000400000008004100004040001600045082001300061100001700074245004600091260003800137300001000175650002300185650001500208650002000223650001200243GCL140319s9999 xx 000 0 eng d aGCL / cGCL04a823bM S1 aMUNTHE, AXEL10aTHE STORY OF SAN MICHELE / cMUNTHE, AXEL a[S.N] : bTHE BOOK CLUB ، c1941 a432 P04aENGLISH LITERATURE04aLITERATURE04aENGLISH FICTION04aFICTION